[Event "Obersteyr-ch"]
[Site "Muerzhofen"]
[Date "2012.01.06"]
[Round "4"]
[White "Baumann, Christian"]
[Black "Meggeneder, Heinrich"]
[Result "0-1"]
[WhiteElo "1578"]
[BlackElo "1972"]
[PlyCount "90"]
[EventDate "2012.01.04"]
[EventType "swiss"]
[EventRounds "7"]
[EventCountry "AUT"]
[SourceTitle "EXT 2014"]
[Source "ChessBase"]
[SourceDate "2013.11.20"]
[SourceVersion "1"]
[SourceVersionDate "2013.11.20"]
[SourceQuality "1"]

1. d4 g6 2. e4 Bg7 3. Bc4 e6 4. Nc3 Ne7 5. Nf3 d5 6. exd5 exd5 7. Be2 0-0 8. 0-0 c6 9. Nb1 Nf5 10. c3 Nd7 11. Bf4 Nf6 12. Be5 Ne4 13. Bxg7 Kxg7 14. Nbd2 Re8 15. Bd3 Nfd6 16. Re1 Bg4 17. Qc2 Bxf3 18. Nxf3 f6 19. Re2 Qd7 20. Rae1 Rac8 21. Nd2 Nxd2 22. Qxd2 Rxe2 23. Rxe2 Re8 24. Rxe8 Qxe8 25. Qe3 Qxe3 26. fxe3 f5 27. Kf2 Kf6 28. Kf3 g5 29. b3 b5 30. g4 Ne4 31. gxf5 Nxc3 32. e4 dxe4+ 33. Bxe4 Nxe4 34. Kxe4 h5 35. a4 bxa4 36. bxa4 a5 37. h3 h4 38. d5 cxd5+ 39. Kxd5 Kxf5 40. Kc5 g4 41. hxg4+ Kxg4 42. Kb5 h3 43. Kxa5 h2 44. Kb6 h1Q 45. a5 Qa8 0-1